[Event "SC Falke Saerbeck 1 - SG Ahaus-Wessum 1"]
[Site "Verbandsliga 2016/2017"]
[Date "2017.01.28"]
[Round "6.6"]
[White "Lutterbey, Ralf"]
[Black "Wensing, Maximilian"]
[Result "0-1"]
[WhiteElo "1903"]
[BlackElo "1881"]
[PlyCount "56"]
[EventDate "2017.??.??"]
[SourceDate "2016.09.26"]

1. e4 c5 2. Nf3 d6 3. d4 cxd4 4. Nxd4 Nf6 5. Nc3 a6 6. Be2 e5 7. Nb3 Be7 8. O-O
O-O 9. a4 Be6 10. Be3 Nbd7 11. f3 Nb6 12. Nd2 Rc8 13. a5 Na8 14. Na4 d5 15. Nb6
Nxb6 16. Bxb6 Bc5+ 17. Bxc5 Rxc5 18. Nb3 Rc6 19. exd5 Nxd5 20. Qd2 Nf4 21. Rfd1
Qg5 22. Bf1 Rfc8 23. g3 Rxc2 24. Qb4 Ne2+ 25. Bxe2 Qe3+ 26. Kh1 Qxe2 27. Rd2
Qxf3+ 28. Kg1 Qe3+ 0-1

[Event "SC Falke Saerbeck 1 - SG Ahaus-Wessum 1"]
[Site "Verbandsliga 2016/2017"]
[Date "2017.01.28"]
[Round "6.7"]
[White "Terdues, Guido"]
[Black "Bartsch, Rainer"]
[Result "1/2-1/2"]
[WhiteElo "1720"]
[BlackElo "1805"]
[PlyCount "57"]
[EventDate "2017.??.??"]
[SourceDate "2016.09.26"]

1. f4 d5 2. Nf3 Nf6 3. e3 g6 4. b3 Bg7 5. Bb2 c5 6. Bb5+ Bd7 7. Na3 Bxb5 8.
Nxb5 a6 9. Nc3 Nc6 10. O-O Ne4 11. Na4 Bxb2 12. Nxb2 O-O 13. c4 d4 14. d3 Nf6
15. e4 Ng4 16. Qd2 Qc7 17. Nd1 f5 18. e5 e6 19. h3 Nh6 20. Qe1 Nf7 21. Rf2 a5
22. a3 Rfd8 23. g4 Kh8 24. g5 Kg7 25. Rg2 Rh8 26. Qg3 Ne7 27. h4 h5 28. gxh6+
Rxh6 29. Ng5 1/2-1/2

[Event "SC Falke Saerbeck 1 - SG Ahaus-Wessum 1"]
[Site "Verbandsliga 2016/2017"]
[Date "2017.01.28"]
[Round "6.8"]
[White "Rogowski, Friedrich"]
[Black "Kernebeck, Daniel"]
[Result "1/2-1/2"]
[WhiteElo "1665"]
[BlackElo "1679"]
[PlyCount "56"]
[EventDate "2017.??.??"]
[SourceDate "2016.09.26"]

1. e4 d6 2. d4 Nf6 3. Nc3 c6 4. Nf3 Bg4 5. Be2 e6 6. O-O Be7 7. d5 O-O 8. h3
Bh5 9. Re1 e5 10. g4 Bg6 11. Bf1 Nbd7 12. Nh4 Bxe4 13. Nxe4 Nxe4 14. Nf5 cxd5
15. Qxd5 Nef6 16. Qxb7 d5 17. Nxe7+ Qxe7 18. Bg5 Qd6 19. Qa6 Qc7 20. c3 Rab8
21. Qe2 Ne4 22. Be3 f5 23. gxf5 Rxf5 24. Bg2 Ndf6 25. Rab1 Qf7 26. Rf1 Qg6 27.
Kh1 Rf8 28. Rg1 Qf7 1/2-1/2

[Event "SF Telgte 1 - SK Münster 4"]
[Site "Verbandsliga 2016/2017"]
[Date "2017.01.28"]
[Round "6.1"]
[White "Tietz, Eric"]
[Black "Muth, Josef"]
[Result "1-0"]
[WhiteElo "1911"]
[BlackElo "1978"]
[PlyCount "63"]
[EventDate "2017.??.??"]
[SourceDate "2016.09.26"]

1. e4 c5 2. c3 d5 3. exd5 Nf6 4. Bb5+ Nbd7 5. c4 g6 6. Nc3 Bg7 7. Nf3 O-O 8.
Bxd7 Bxd7 9. O-O a6 10. d3 Qc7 11. Be3 Rfe8 12. Rb1 e6 13. Bg5 b5 14. dxe6 fxe6
15. Re1 Bc6 16. Ne5 b4 17. Nxc6 bxc3 18. Qf3 Rac8 19. Bxf6 c2 20. Rbc1 Qxc6 21.
Qxc6 Rxc6 22. Bxg7 Kxg7 23. Rxc2 Rd6 24. Re3 Red8 25. Rd2 a5 26. Kf1 a4 27. Ke1
Kf6 28. Kd1 Rb8 29. Kc2 Rdb6 30. Kc3 a3 31. b3 Ke7 32. d4 1-0

[Event "SF Telgte 1 - SK Münster 4"]
[Site "Verbandsliga 2016/2017"]
[Date "2017.01.28"]
[Round "6.2"]
[White "Hackl-Sommer, René"]
[Black "Schulz, Stefan"]
[Result "1/2-1/2"]
[WhiteElo "1986"]
[BlackElo "1884"]
[PlyCount "115"]
[EventDate "2017.??.??"]
[SourceDate "2016.09.26"]

1. e4 c6 2. Nf3 d5 3. Nc3 dxe4 4. Nxe4 Bg4 5. Bc4 e6 6. h3 Bh5 7. d3 Nd7 8. Bf4
Nb6 9. Bb3 Nf6 10. Qe2 Nbd5 11. Bd2 Qc7 12. Nxf6+ Nxf6 13. g4 Bg6 14. Ne5 Bd6
15. f4 O-O-O 16. O-O-O Nd5 17. Bxd5 cxd5 18. Nxg6 hxg6 19. f5 gxf5 20. gxf5
exf5 21. Qf2 g6 22. Qxa7 Bc5 23. Qa8+ Kd7 24. Qa4+ Qc6 25. Qxc6+ Kxc6 26. Bg5
Rde8 27. d4 Be7 28. h4 f6 29. Bf4 Bd6 30. Bxd6 Kxd6 31. Rdf1 Re4 32. h5 Rxh5
33. Rxh5 gxh5 34. Rxf5 Rxd4 35. Rxf6+ Kc5 36. Rh6 h4 37. Rh7 b5 38. Rh6 Rg4 39.
a3 Kd4 40. Rh5 Kc4 41. Rh8 Rg1+ 42. Kd2 Rg2+ 43. Kc1 Rh2 44. b3+ Kc3 45. Rc8+
Kd4 46. Re8 h3 47. Kb2 Rg2 48. a4 h2 49. Rh8 bxa4 50. bxa4 Kc4 51. a5 Kb5 52.
Kc3 Kxa5 53. Kd4 Rd2+ 54. Kc3 Rd1 55. Rxh2 Kb5 56. Rh8 d4+ 57. Kb2 Rd2 58. Kb3
1/2-1/2

[Event "SF Telgte 1 - SK Münster 4"]
[Site "Verbandsliga 2016/2017"]
[Date "2017.01.28"]
[Round "6.3"]
[White "Jansen, Dirk"]
[Black "Kuhlenbäumer, Willi"]
[Result "1-0"]
[WhiteElo "1894"]
[BlackElo "1932"]
[PlyCount "73"]
[EventDate "2017.??.??"]
[SourceDate "2016.09.26"]

1. c4 e5 2. Nc3 Nc6 3. Nf3 f5 4. d4 e4 5. Ng5 Be7 6. h4 Bf6 7. e3 g6 8. Nd5 h6
9. Nh3 Nce7 10. Nxf6+ Nxf6 11. d5 d6 12. Bd2 O-O 13. Bc3 c5 14. dxc6 bxc6 15.
Nf4 c5 16. Qd2 Kh7 17. O-O-O Ne8 18. Be2 Rb8 19. f3 Qd7 20. Rhg1 Bb7 21. fxe4
Bxe4 22. Bf3 Qb7 23. Bxe4 fxe4 24. Ne6 Rf5 25. Rgf1 Qd7 26. Rxf5 Qxe6 27. Rf4
Qxc4 28. Rdf1 Nf5 29. b3 Qb5 30. g4 c4 31. gxf5 g5 32. R4f2 cxb3 33. a3 b2+ 34.
Qxb2 Qc5 35. Qxb8 Qxc3+ 36. Kb1 Qd3+ 37. Ka2 1-0

[Event "SF Telgte 1 - SK Münster 4"]
[Site "Verbandsliga 2016/2017"]
[Date "2017.01.28"]
[Round "6.4"]
[White "Junker, Axel"]
[Black "Voß, Norbert"]
[Result "1/2-1/2"]
[WhiteElo "1881"]
[BlackElo "1823"]
[PlyCount "50"]
[EventDate "2017.??.??"]
[SourceDate "2016.09.26"]

1. c4 e5 2. Nf3 d6 3. Nc3 f5 4. d4 e4 5. Ng5 h6 6. Nh3 g5 7. e3 Nf6 8. Be2 Be6
9. d5 Bf7 10. b3 Bg7 11. Bb2 a6 12. a4 Nbd7 13. O-O O-O 14. Ra2 Qe7 15. b4 Rfc8
16. a5 Ne5 17. f3 exf3 18. gxf3 Ng6 19. Qd3 Rd8 20. Nd1 Nh4 21. Bd4 Bh5 22. Nc3
Nd7 23. f4 Bxe2 24. Rxe2 g4 25. Bxg7 Qxg7 1/2-1/2

[Event "SF Telgte 1 - SK Münster 4"]
[Site "Verbandsliga 2016/2017"]
[Date "2017.01.28"]
[Round "6.5"]
[White "Voß, Andreas"]
[Black "Kuhlenbäumer, Alfred"]
[Result "1/2-1/2"]
[WhiteElo "1802"]
[BlackElo "1885"]
[PlyCount "83"]
[EventDate "2017.??.??"]
[SourceDate "2016.09.26"]

1. d4 f5 2. Bg5 Nf6 3. Bxf6 exf6 4. e3 d5 5. h4 Nc6 6. a3 Be6 7. Qf3 Qd6 8. Nc3
a6 9. Nh3 O-O-O 10. Bd3 g6 11. Nf4 Bf7 12. O-O-O Bh6 13. g3 Kb8 14. Bf1 Na5 15.
Bg2 c6 16. Na4 Nc4 17. Nc5 Ka7 18. Qe2 Rhe8 19. Qd3 Bf8 20. Qb3 Qc7 21. Qa4 Qb6
22. b4 Qb5 23. Qb3 a5 24. c3 Qb6 25. Kc2 Ra8 26. Ra1 Qc7 27. b5 Qb6 28. Nd7
Qxb5 29. Qxb5 cxb5 30. Nxf6 Rec8 31. N6xd5 Nxa3+ 32. Kd3 Nc4 33. Rhb1 Ka6 34.
Nb4+ Bxb4 35. cxb4 a4 36. d5 Ne5+ 37. Kd4 Ng4 38. Rc1 Nxf2 39. Ke5 Ng4+ 40. Kd4
Kb6 41. Rc5 Re8 42. e4 1/2-1/2

[Event "SF Telgte 1 - SK Münster 4"]
[Site "Verbandsliga 2016/2017"]
[Date "2017.01.28"]
[Round "6.6"]
[White "Esser, Peter"]
[Black "Börger, Andreas"]
[Result "1/2-1/2"]
[WhiteElo "1758"]
[BlackElo "1782"]
[PlyCount "45"]
[EventDate "2017.??.??"]
[SourceDate "2016.09.26"]

1. d4 d5 2. c4 c6 3. Nf3 Nf6 4. Nc3 e6 5. cxd5 exd5 6. Bg5 Be7 7. e3 Bg4 8. Bd3
Nbd7 9. Qc2 Bh5 10. O-O Bg6 11. a3 O-O 12. Bxg6 fxg6 13. Bh4 Ne4 14. Bg3 Ndf6
15. Nxe4 Nxe4 16. Nd2 Nf6 17. b4 Bd6 18. Bxd6 Qxd6 19. Qc5 Qe6 20. Rac1 a6 21.
Qc2 Rae8 22. Nf3 Nd7 23. Qe2 1/2-1/2

[Event "SF Telgte 1 - SK Münster 4"]
[Site "Verbandsliga 2016/2017"]
[Date "2017.01.28"]
[Round "6.7"]
[White "Sokolowski, Cyril"]
[Black "Dieckmann, Werner"]
[Result "1/2-1/2"]
[WhiteElo "1760"]
[BlackElo "1785"]
[PlyCount "81"]
[EventDate "2017.??.??"]
[SourceDate "2016.09.26"]

1. e4 e5 2. Nf3 Nc6 3. Bc4 Be7 4. c3 Nf6 5. d3 d6 6. Nbd2 Na5 7. Bb5+ c6 8. Ba4
b5 9. Bc2 O-O 10. O-O Bg4 11. h3 Bh5 12. Re1 Nb7 13. Nf1 Nc5 14. Ng3 Bg6 15.
Bg5 Nh5 16. Be3 Nxg3 17. fxg3 Ne6 18. Bb3 Qd7 19. Qd2 Bd8 20. a4 bxa4 21. Rxa4
Bb6 22. Bxe6 fxe6 23. Rea1 Bxe3+ 24. Qxe3 c5 25. Qe2 Rfb8 26. Qc2 h6 27. Ra6
Be8 28. Nd2 Qc7 29. b3 Rb7 30. c4 Bc6 31. Qd1 Rb6 32. Qg4 Bd7 33. R6a3 Rb7 34.
Qh4 Rf8 35. Ra6 Rf6 36. g4 Be8 37. Qe1 Bc6 38. Qe3 Be8 39. Qe1 Bc6 40. Qe3 Be8
41. Qe1 1/2-1/2

[Event "SF Telgte 1 - SK Münster 4"]
[Site "Verbandsliga 2016/2017"]
[Date "2017.01.28"]
[Round "6.8"]
[White "Schenke, Conrad"]
[Black "Stumpe, Danny"]
[Result "0-1"]
[WhiteElo "1661"]
[BlackElo "1700"]
[PlyCount "74"]
[EventDate "2017.??.??"]
[SourceDate "2016.09.26"]

1. e4 c6 2. Nc3 d5 3. d4 dxe4 4. Nxe4 Bf5 5. Ng3 Bg6 6. Nf3 Nd7 7. Be2 Ngf6 8.
O-O Qc7 9. c3 e6 10. Qb3 Bd6 11. Be3 Nd5 12. c4 Nxe3 13. Qxe3 c5 14. d5 Bf4 15.
Qc3 exd5 16. Qxg7 O-O-O 17. Qc3 d4 18. Qa3 a5 19. Bd3 h5 20. Rfe1 h4 21. Nf5
Ne5 22. Nxe5 Bxe5 23. Re2 Bxh2+ 24. Kf1 Bd6 25. Rae1 Rh5 26. Ne7+ Bxe7 27. Rxe7
Qb6 28. Bxg6 fxg6 29. Qh3+ Kb8 30. b3 d3 31. Rd1 Qd6 32. Re6 Qd4 33. Re3 d2 34.
Ke2 Rf5 35. f3 Re5 36. Rxe5 Qxe5+ 37. Kf1 Re8 0-1